|
|
|
|
| LEADER |
00000naa2a2200000 4500 |
| 001 |
89432 |
| 005 |
20240109164801.0 |
| 035 |
|
|
|a (RuTPU)RU\TPU\book\95956
|
| 090 |
|
|
|a 89432
|
| 100 |
|
|
|a 20060123d2002 k y0rusy50 ca
|
| 101 |
0 |
|
|a rus
|
| 102 |
|
|
|a RU
|
| 200 |
1 |
|
|a Возможности использования мнения студентов для психолого-педагогического роста личности преподавателя
|f О. В. Марухина, О. Г. Берестнева, Л. И. Иванкина
|
| 463 |
|
0 |
|0 (RuTPU)RU\TPU\book\48102
|t Воспитание в условиях вузовского социума
|o материалы III региональной межвузовской научно-практической конференции, 2-3 декабря 2002, г. Томск
|f Томский политехнический университет
|v С. 113-116
|d 2002
|p 284 с.
|
| 610 |
1 |
|
|a студенты
|
| 610 |
1 |
|
|a психология
|
| 610 |
1 |
|
|a личность
|
| 610 |
1 |
|
|a педагогика
|
| 610 |
1 |
|
|a труды учёных ТПУ
|
| 700 |
|
1 |
|a Марухина
|b О. В.
|c специалист в области оценки качества образования
|c доцент Томского политехнического университета, кандидат технических наук
|f 1974-
|g Ольга Владимировна
|3 (RuTPU)RU\TPU\pers\25935
|9 11785
|
| 701 |
|
1 |
|a Берестнева
|b О. Г.
|c специалист в области информатики и вычислительной техники
|c профессор Томского политехнического университета, доктор технических наук
|f 1953-
|g Ольга Григорьевна
|3 (RuTPU)RU\TPU\pers\24545
|9 10845
|
| 701 |
|
1 |
|a Иванкина
|b Л. И.
|c специалист в области философии, социологии и психологии образования
|c профессор Томского политехнического университета, доктор философских наук
|f 1956-
|g Любовь Ивановна
|3 (RuTPU)RU\TPU\pers\25426
|
| 801 |
|
1 |
|a RU
|b 63413507
|c 20060123
|g PSBO
|
| 801 |
|
2 |
|a RU
|b 63413507
|c 20130311
|g RCR
|
| 942 |
|
|
|c BK
|